000 00707nam a2200205Ia 4500
003 GCL
008 140319s9999 xx 000 0 ara d
040 _aGCL /
_cGCL
082 0 4 _a951.04
_bح ا
100 1 _aايشتاين، . ا.
245 1 0 _aمولد الصين الشعبية من حرب الافيون الى التحرير /
_cايشتاين، . ا.
700 1 _aحسنى تمام
260 _a[S.N] :
_bمطبعة الدار المصرية ،
_c1957
300 _a179 ص
490 _aالهيئة العامة للاستعلامات
_v0
650 0 4 _aالحرب الاهلية
650 0 4 _aالصين - تاريخ
650 0 4 _aالصين، حركات التحرير
942 _2ddc
_cBK
999 _c44114
_d44114